LEADER 00764nam0-22002531i-450- 001 990006362530403321 005 19980601 035 $a000636253 035 $aFED01000636253 035 $a(Aleph)000636253FED01 035 $a000636253 100 $a19980601d1993----km-y0itay50------ba 105 $a--------00-yy 200 1 $aCASSIODORO$eDalla corte di Ravenna al Vivarium di Squillace$eatti del Convegno internazionale di studi - Squillace 25-27 ottobre 1990$fa cura di Sandro Leanza 210 $aSoveria Mannelli$cRubbettino$d1993 676 $a878.02 801 0$aIT$bUNINA$gRICA$2UNIMARC 901 $aBK 912 $a990006362530403321 952 $aIV O 12$b34449*$fFGBC 959 $aFGBC 996 $aCASSIODORO$9659050 997 $aUNINA DB $aGIU01